000 02216nab a2200289 a 4500
005 20210219162908.0
008 991125s1985 mx 000 0 spa u
035 _aUPN01000212796
049 _aART
100 1 _aDomingo Depaula, Pablo
100 1 _ulic_pablodepaula@yahoo.com.ar
100 1 _aAzzollini, Susana Celeste
100 1 _aCosentino, Alejandro César
100 1 _aCastillo, Sergio Edgardo
222 0 _aAVANCES EN PSICOLOGIA LATINOAMERICANA
245 0 0 _aPersonality, Character Strengths and Cultural Intelligence :
_b“Extraversion” or “Openness” as Further Factors Associated to the Cultural Skills
260 _aBogotá, Colombia
300 _a415-436
362 0 _a2016 Volumen 34, número 2
520 3 _aEn la actualidad, el desarrollo y funcionamiento de la inteligencia cultural se estudia en función de sus asociaciones con determinados aspectos de la personalidad. Sin embargo, es sabido que los estudios acerca de los expatriados aún no han hallado el poder predictivo de los rasgos de la personalidad sobre las mencionadas habilidades culturales. El presente estudio aborda los resultados de tres investigaciones en las que se analizaron asociaciones entre el modelo de los Cinco Grandes factores de la personalidad, la variable inteligencia cultural y las fortalezas del carácter. La hipótesis de la investigación es que el factor de la personalidad apertura se asocia en mayor medida a la inteligencia cultural que el factor extraversión. Además, la fortaleza del carácter, denominada inteligencia social, predice el nivel de inteligencia cultural de los estudiantes militares. Los resultados indicaron que la apertura constituye un predictor positivo de la inteligencia cultural general de los estudiantes, y la fortaleza del carácter inteligencia social predice positivamente la inteligencia cultural en mayor medida que otros predictores que fueron parte del modelo analizado
653 0 _aPERSONALIDAD
653 0 _aINTELIGENCIA CULTURAL
653 0 _aFORTALEZAS DEL CARACTER
856 4 _uhttp://www.redalyc.org/articulo.oa?id=79945606014
856 4 _uhttp://revistas.urosario.edu.co/index.php/apl/article/view/2975/3139
905 _aArticulo
999 _c184896
_d184896